[Event "Mechanics' Leighton Allen TNM; G/2"]
[Site "San Francisco"]
[Date "2015.09.08"]
[Round "6.4"]
[White "Wong, Russell"]
[Black "Alvarez, Gil"]
[Result "1/2-1/2"]
[WhiteElo "2205"]
[BlackElo "2003"]
[PlyCount "85"]
[EventDate "2015.??.??"]

1. e4 e5 2. Nf3 Nf6 3. Nxe5 d6 4. Nf3 Nxe4 5. d3 Nf6 6. d4 d5 7. Bd3 Bd6 8. O-O
O-O 9. h3 h6 10. Nc3 c6 11. Ne5 Nbd7 12. f4 Qb6 13. Kh1 c5 14. Be3 c4 15. Bf5
Qxb2 16. Na4 Qa3 17. c3 b5 18. Bxd7 bxa4 19. Bc6 Rb8 20. Qe1 Bc7 21. Bc1 Qd6
22. Bxa4 Bd7 23. Bc2 Rfe8 24. Qh4 Bd8 25. f5 Nh7 26. Qg4 Nf6 27. Qf3 Rc8 28.
Bf4 Qa3 29. Nxd7 Nxd7 30. Qxd5 Nf6 31. Qf3 Ba5 32. Bd2 Qb2 33. Rfc1 Ne4 34.
Bxe4 Qxd2 35. f6 Bxc3 36. Rxc3 Rxe4 37. Qxe4 Qxc3 {Diagram #} 38. Rd1 $4 {
If the scores are correct White must have been in terrible time pressure.} (38.
Qg4 $18) 38... Qg3 39. Qb7 Qc7 40. Qxc7 Rxc7 41. d5 gxf6 42. d6 Rd7 43. Rc1
1/2-1/2

[Event "Mechanics' Spring TNM; G/2"]
[Site "San Francisco"]
[Date "2015.04.21"]
[Round "6.2"]
[White "Wong, Russell"]
[Black "Basak, Aniruddha"]
[Result "1/2-1/2"]
[WhiteElo "2215"]
[BlackElo "2039"]
[PlyCount "56"]
[EventDate "2015.??.??"]

1. e4 c5 2. Nf3 g6 3. c4 Nc6 4. d4 cxd4 5. Nxd4 Nf6 6. Nc3 d6 7. Be2 Nxd4 8.
Qxd4 Bg7 9. Be3 O-O 10. Qd2 a5 11. f3 a4 12. Rc1 Qa5 13. O-O Be6 14. Nd5 Qxd2
15. Bxd2 Nxd5 16. cxd5 Bd4+ 17. Kh1 Bd7 18. Rc7 Rfd8 19. Bc3 Bxc3 20. Rxc3 e6
21. dxe6 Bxe6 22. a3 d5 23. exd5 Rxd5 24. Rd1 Rad8 25. Rcd3 Rxd3 26. Rxd3 Rc8
27. Rc3 Rd8 28. Rd3 Rc8 1/2-1/2

[Event "Mechanics' Winter TNM; 30/90, SD/30"]
[Site "San Francisco"]
[Date "2015.01.20"]
[Round "3.8"]
[White "Wong, Russell"]
[Black "Drane, Robert"]
[Result "1-0"]
[WhiteElo "2215"]
[BlackElo "1800"]
[PlyCount "39"]
[EventDate "2015.??.??"]

1. e4 Nf6 2. e5 Nd5 3. c4 Nb6 4. d4 d6 5. exd6 exd6 6. Nc3 Be7 7. Be3 Nc6 8.
Rc1 O-O 9. b3 Bf6 10. Be2 Re8 11. Nf3 Bf5 12. O-O Qd7 13. a4 a5 14. c5 Nc8 15.
Nd5 Bd8 16. Bc4 N6e7 17. cxd6 Qxd6 18. Bf4 Qg6 19. Ne5 Qd6 20. Nxf7 1-0

[Event "Mechanics' Spring TNM; G/2"]
[Site "San Francisco"]
[Date "2015.03.17"]
[Round "1.4"]
[White "Wong, Russell"]
[Black "Dupree, Charles"]
[Result "1-0"]
[WhiteElo "2215"]
[BlackElo "1625"]
[Annotator "Donaldson"]
[PlyCount "71"]
[EventDate "2015.??.??"]

1. e4 c5 2. Nf3 e6 3. d4 cxd4 4. Nxd4 a6 5. Nc3 Qc7 6. g3 Nf6 7. Bg2 Bb4 8.
Nde2 Nc6 9. O-O O-O 10. h3 b5 11. f4 d6 12. a3 Bc5+ 13. Kh1 Bb7 14. b4 Bb6 15.
Bb2 Rad8 16. Qd3 Ne7 (16... d5 $1 17. e5 Ne4 $17) 17. Rad1 d5 $1 18. e5 Nd7 (
18... Ne4 $1) 19. Nd4 Rc8 (19... Bxd4 20. Qxd4 Nf5 21. Qd3 d4 $17) 20. Nce2 Ba7
21. Qf3 Nb6 22. Qg4 Nc4 23. Bc1 Qb6 24. h4 Nc6 25. c3 a5 26. h5 h6 27. Qh3 axb4
28. axb4 Qa6 29. g4 Qa1 $2 (29... Qa2 30. f5) 30. Nxb5 (30. Be3 Qb2 31. Rb1 Qa2
32. Ra1 Qb2 33. Rfb1 $18) 30... Ba6 31. Nxa7 Nxa7 32. Be3 Qb2 33. Bxa7 Qxe2 34.
Bd4 Nb2 35. Ra1 Ra8 36. Rf2 1-0

[Event "Mechanics' Fall TNM; G/2"]
[Site "San Francisco"]
[Date "2015.11.24"]
[Round "6.9"]
[White "Wong, Russell"]
[Black "Gerwin, Gene"]
[Result "1-0"]
[WhiteElo "2200"]
[BlackElo "1822"]
[PlyCount "99"]
[EventDate "2015.??.??"]

1. e4 b6 2. d4 Bb7 3. Nc3 e6 4. Nf3 Bb4 5. Bd3 Nf6 6. Qe2 d5 7. exd5 Nxd5 8.
Bd2 Nd7 9. O-O h6 10. Nxd5 Bxd2 11. Nxc7+ Qxc7 12. Nxd2 O-O 13. f4 Nf6 14. c3
a6 15. Rf2 b5 16. a3 Rac8 17. Ne4 Nxe4 18. Bxe4 Bxe4 19. Qxe4 Qc4 20. f5 Qd5
21. Re1 Qxe4 22. Rxe4 Rc6 23. Re5 Rd8 24. Rfe2 Rdd6 25. fxe6 fxe6 26. h4 g6 27.
R5e4 Kg7 28. R2e3 Rb6 29. g4 Rbc6 30. Kg2 Rb6 31. Rf3 Rb7 32. g5 hxg5 33. hxg5
Rf7 34. Rxf7+ Kxf7 35. Kf3 Rd5 36. Re5 Ke7 37. Ke4 Kd6 38. b4 Rxe5+ 39. dxe5+
Kc6 40. Kd4 Kb6 41. c4 Kc6 42. Kc3 Kc7 43. Kb3 Kc6 44. a4 Kb6 45. cxb5 axb5 46.
a5+ Kc6 47. Kc3 Kd5 48. Kd3 Kxe5 49. a6 Kf5 50. a7 1-0

[Event "Mechanics' Fall TNM; G/2"]
[Site "San Francisco"]
[Date "2015.11.10"]
[Round "4.25"]
[White "Wong, Russell"]
[Black "Gomboluudev, Enkhjin"]
[Result "1-0"]
[WhiteElo "2200"]
[BlackElo "1416"]
[PlyCount "73"]
[EventDate "2015.??.??"]

1. e4 e5 2. Nf3 Nc6 3. Bb5 a6 4. Ba4 Bc5 5. O-O b5 6. Bb3 Nf6 7. c3 O-O 8. d4
exd4 9. cxd4 Bb4 10. e5 Ne8 11. a3 Be7 12. Nc3 d6 13. Qe2 Bg4 14. Qe4 Bxf3 15.
gxf3 Na5 16. Ba2 Rb8 17. Kh1 Nc4 18. Nd5 Nb6 19. Rg1 Kh8 20. Bb1 g6 21. Bh6 Ng7
22. Nxe7 Qxe7 23. Bg5 Qe6 24. Bf6 Nd7 25. Bxg7+ Kxg7 26. f4 Nb6 27. Ba2 Qe7 28.
f5 Kh8 29. f6 Qd7 30. Qf4 Qc6+ 31. f3 Nd5 32. Bxd5 Qxd5 33. Rg3 Rg8 34. Qh6
Qxd4 35. Qxh7+ Kxh7 36. Rh3+ Qh4 37. Rxh4# 1-0

[Event "Mechanics' Summer TNM; G/2"]
[Site "San Francisco"]
[Date "2015.06.23"]
[Round "5.3"]
[White "Wong, Russell"]
[Black "Grey, Peter G"]
[Result "1-0"]
[WhiteElo "2200"]
[BlackElo "2000"]
[Annotator "Donaldson"]
[PlyCount "39"]
[EventDate "2015.??.??"]

1. e4 e5 2. f4 exf4 3. Bc4 Nf6 4. Qe2 d6 (4... d5 5. exd5+ Be7) 5. Nf3 Be7 6.
d4 O-O 7. O-O Nc6 8. Bxf4 d5 9. exd5 Nxd5 10. Bd2 Nb6 11. Bb3 Nxd4 12. Nxd4
Qxd4+ 13. Kh1 Bf6 14. Bc3 Bg4 15. Qe1 Qd6 16. Bxf6 gxf6 17. Nc3 Qe5 18. Qf2
Rad8 19. Rae1 Qg5 20. Ne4 1-0

[Event "Mechanics' Summer TNM; G/2"]
[Site "San Francisco"]
[Date "2015.05.26"]
[Round "1.3"]
[White "Wong, Russell"]
[Black "Handler, Andrew"]
[Result "1/2-1/2"]
[WhiteElo "2200"]
[BlackElo "1663"]
[PlyCount "106"]
[EventDate "2015.??.??"]

1. e4 c5 2. Nf3 Nc6 3. d4 cxd4 4. Nxd4 g6 5. c4 Bg7 6. Be3 Nf6 7. Nc3 O-O 8.
Be2 d6 9. O-O Nxd4 10. Bxd4 Bd7 11. Qd3 a6 12. b4 Rc8 13. Rac1 Bc6 14. Rfd1 b5
15. Qe3 bxc4 16. Bxc4 Bb7 17. Nd5 Nxd5 18. Bxd5 Qd7 19. Bxg7 Kxg7 20. Qa7 Rb8
21. a3 Rfc8 22. h3 h5 23. f4 e6 24. Bxb7 Rxc1 25. Rxc1 Qxb7 26. Qxb7 Rxb7 27.
Rc6 a5 28. bxa5 Rb5 29. Rxd6 Rxa5 30. Rd3 Kf6 31. Kf2 e5 32. Ke3 exf4+ 33. Kxf4
g5+ 34. Ke3 Ra4 35. g3 Ke5 36. Kf3 g4+ 37. hxg4 hxg4+ 38. Kxg4 Rxe4+ 39. Kf3
Ra4 40. Ke2 f5 41. Kd2 f4 42. gxf4+ Kxf4 43. Kc2 Ke4 44. Rh3 Kd5 45. Kb3 Re4
46. Rc3 Kd6 47. Rc4 Rxc4 48. Kxc4 Kc7 49. Kc5 Kb7 50. Kb5 Ka7 51. a4 Kb7 52. a5
Ka7 53. a6 Kb8 1/2-1/2

[Event "Mechanics' Winter TNM; 30/90, SD/30"]
[Site "San Francisco"]
[Date "2015.02.10"]
[Round "6.5"]
[White "Wong, Russell"]
[Black "Klinetobe, David"]
[Result "1-0"]
[WhiteElo "2215"]
[BlackElo "2008"]
[PlyCount "99"]
[EventDate "2015.??.??"]

1. e4 e6 2. d4 d5 3. Nc3 Bb4 4. exd5 exd5 5. Bd3 Nf6 6. Nf3 O-O 7. O-O Bg4 8.
h3 Bh5 9. g4 Bg6 10. Bxg6 hxg6 11. Ng5 Re8 12. Qf3 Nc6 13. Be3 Qd7 14. Ne2 Ne4
15. c3 Nxg5 16. Bxg5 Be7 17. Bf4 Nd8 18. Rae1 Ne6 19. Qg2 Rad8 20. Bc1 Qa4 21.
a3 Qb5 22. f4 Bh4 23. Ng3 g5 24. fxg5 Nxg5 25. Bxg5 Bxg5 26. Qf2 Qd7 27. Nf5 g6
28. Ne3 Re4 29. Ng2 Rxe1 30. Rxe1 Re8 31. Rxe8+ Qxe8 32. h4 Bc1 33. Qc2 Be3+
34. Kf1 Bh6 35. g5 Bf8 36. Qb3 Qc6 37. Ne3 Qa6+ 38. Kf2 c6 39. Ng4 Be7 40. Qd1
c5 41. dxc5 Bxc5+ 42. Kf3 Qe6 43. Nf6+ Kg7 44. Kg2 (44. Qxd5 Qe3+) 44... Qf5
45. Qe2 Qe6 46. Ne8+ Kf8 47. Qxe6 fxe6 48. Nf6 Be3 49. b3 Bd2 50. c4 {
This is a very unclear ending which White ended up winning in mutual time
pressure. The rest of the game is unavailable.} 1-0

[Event "Mechanics' Leighton Allen TNM; G/2"]
[Site "San Francisco"]
[Date "2015.08.18"]
[Round "3.3"]
[White "Wong, Russell"]
[Black "Krasnov, Steven"]
[Result "1-0"]
[WhiteElo "2205"]
[BlackElo "1965"]
[PlyCount "81"]
[EventDate "2015.??.??"]

1. e4 c5 2. Nf3 d6 3. d4 cxd4 4. Nxd4 Nf6 5. Nc3 a6 6. Bg5 Nbd7 7. g3 h6 8. Be3
g6 9. Bg2 Bg7 10. O-O O-O 11. h3 Ne5 12. Qe2 Qc7 13. Rad1 Bd7 14. Rfe1 Rac8 15.
Nd5 Nxd5 16. exd5 Nc4 17. Bc1 Rfe8 18. b3 Nb6 19. c4 Na8 20. Be3 Qa5 21. Rc1
Nc7 22. Rc2 b5 23. Rec1 bxc4 24. Rxc4 Nb5 25. Rxc8 Bxc8 26. Nc6 Nc3 27. Qc4
Qxa2 28. Rxc3 Bxc3 29. Qxc3 Qb1+ 30. Kh2 Qf5 31. Bxh6 f6 32. Be3 Kf7 33. Nd4
Qh5 34. Ne6 Rh8 35. Qc7 Bxe6 36. dxe6+ Kxe6 37. Qc4+ d5 38. Qc6+ Kf7 39. Bxd5+
Kg7 40. Qe6 g5 41. Qxe7+ 1-0

[Event "Mechanics' Leighton Allen TNM; G/2"]
[Site "San Francisco"]
[Date "2015.08.04"]
[Round "1.3"]
[White "Wong, Russell"]
[Black "Morgan, Jerry Dugl"]
[Result "1-0"]
[WhiteElo "2205"]
[BlackElo "1645"]
[Annotator "Donaldson"]
[PlyCount "59"]
[EventDate "2015.??.??"]

1. e4 Nf6 2. e5 Nd5 3. c4 Nb6 4. d4 d6 5. exd6 exd6 6. Nc3 Nc6 7. Be3 Be7 8.
Rc1 O-O 9. Be2 Bf5 10. b3 Bf6 11. Nf3 a6 12. O-O Re8 13. Re1 Bg4 14. h3 Bh5 15.
Qd2 d5 16. c5 Nc8 17. g4 Bg6 18. Bf1 Be4 19. Bg2 Nb4 20. Nxe4 dxe4 21. Qxb4
exf3 22. Bxf3 Rb8 23. Rcd1 Ne7 24. d5 Be5 25. Bg5 f6 {Diagram #} 26. Rxe5 $1
fxg5 (26... fxe5 27. d6) 27. Rde1 Qd7 28. Qe4 Ng6 (28... Kf8 29. Qxh7) 29.
Rxe8+ Rxe8 30. Qxe8+ 1-0

[Event "Mechanics' Winter TNM; 30/90, SD/30"]
[Site "San Francisco"]
[Date "2015.01.06"]
[Round "1.5"]
[White "Wong, Russell"]
[Black "Nelson, Christopher"]
[Result "1-0"]
[WhiteElo "2215"]
[BlackElo "1665"]
[PlyCount "73"]
[EventDate "2015.??.??"]

1. e4 e5 2. Nf3 Nc6 3. Bc4 Nf6 4. d3 Bc5 5. O-O O-O 6. Bg5 Be7 7. c3 d6 8. Na3
a6 9. Bb3 h6 10. Bd2 Re8 11. Nc4 Be6 12. Ne3 Bxb3 13. Qxb3 Rb8 14. Nf5 Bf8 15.
Rae1 Qd7 16. N3h4 Kh7 17. Qd1 Ne7 18. Nxe7 Qxe7 19. Nf5 Qe6 20. c4 g6 21. Ne3
Rbd8 22. Nd5 Rd7 23. f4 Nxd5 24. cxd5 Qe7 25. f5 Qf6 26. fxg6+ Qxg6 27. Re3 f6
28. Rg3 Qf7 29. Qg4 Bg7 30. Qf5+ Kh8 31. Rg6 Rg8 32. Bxh6 Bxh6 33. Rxh6+ Kg7
34. Rxf6 Qe8 35. Rf3 Kh8 36. Rh3+ Rh7 37. Qxh7# 1-0

[Event "Mechanics' Fall TNM; G/2"]
[Site "San Francisco"]
[Date "2015.12.01"]
[Round "7.5"]
[White "Wong, Russell"]
[Black "Steger, Eric Alan"]
[Result "1-0"]
[WhiteElo "2200"]
[BlackElo "2014"]
[PlyCount "92"]
[EventDate "2015.??.??"]

1. e4 e5 2. Nc3 Nf6 3. f4 d5 4. fxe5 Nxe4 5. Qf3 Nxc3 6. bxc3 Be7 7. d4 c5 8.
Bb5+ Nc6 9. Ne2 O-O 10. O-O f6 11. Nf4 fxe5 12. Qxd5+ Qxd5 13. Nxd5 Rxf1+ 14.
Kxf1 Bd6 15. Ba3 exd4 16. Re1 Bd7 17. cxd4 Rf8+ 18. Kg1 Re8 19. Rxe8+ Bxe8 20.
dxc5 Bf8 21. c4 Bg6 22. Ba4 Ne5 23. Nf4 Bf5 24. Kf1 g5 25. Bb2 Ng4 26. c6 bxc6
27. Nh3 Bd3+ 28. Ke1 Bb4+ 29. Kd1 Ne3+ 30. Kc1 g4 31. Nf2 Bxc4 32. Bxc6 Bxa2
33. Bd4 Ba3+ 34. Kd2 Nf1+ 35. Kc3 Nxh2 36. Bxa7 Bd6 37. Bd4 Be6 38. Ne4 Be7 39.
Be5 Nf1 40. Kd4 Bd8 41. Bf4 Bb6+ 42. Kd3 Bc8 43. Bb5 Bf5 44. Bc6 g3 45. Ke2 Nh2
46. Bd5+ Be6 $4 {Black touched the bishop in time pressure and had to move it.}
1-0

[Event "Mechanics' Winter TNM; 30/90, SD/30"]
[Site "San Francisco"]
[Date "2015.02.17"]
[Round "7.3"]
[White "Wong, Russell"]
[Black "Traub, Igor"]
[Result "1/2-1/2"]
[WhiteElo "2215"]
[BlackElo "2073"]
[PlyCount "59"]
[EventDate "2015.??.??"]

1. e4 e5 2. Nf3 Nc6 3. Bb5 a6 4. Ba4 Bc5 5. O-O d6 6. c3 b5 7. Bb3 Nf6 8. h3
O-O 9. d3 Be6 10. Nbd2 Qd7 11. Nh2 d5 12. Qe2 Rfe8 13. Kh1 Rad8 14. Ndf3 dxe4
15. dxe4 Qd3 16. Qxd3 Rxd3 17. Bc2 Rd7 18. b3 h6 19. Kg1 Red8 20. Bb2 Nh5 21.
Rfd1 Nf4 22. Kf1 Nd3 23. Bxd3 Rxd3 24. Rxd3 Rxd3 25. Ke2 Rd7 26. Ng4 f6 27. Ne3
Ne7 28. Rd1 Rxd1 29. Nxd1 Ng6 30. Bc1 {The remaining moves of both scoresheets
have recording errors. The game was drawn in 58 moves.} 1/2-1/2

[Event "Mechanics' Spring TNM; G/2"]
[Site "San Francisco"]
[Date "2015.03.31"]
[Round "3.3"]
[White "Wong, Russell"]
[Black "Uzzaman, Ashik"]
[Result "1-0"]
[WhiteElo "2215"]
[BlackElo "2045"]
[Annotator "Donaldson"]
[PlyCount "57"]
[EventDate "2015.??.??"]

1. e4 c5 2. Nf3 g6 3. c4 Bg7 4. d4 cxd4 5. Nxd4 Qb6 6. Nb3 d6 7. Be2 Nf6 8. Nc3
O-O 9. O-O Qc6 10. Nd4 Qb6 11. Be3 Qxb2 12. Na4 Qxa1 (12... Qb4 13. Bd2 Qa3 14.
Nb5) 13. Qxa1 Nxe4 14. Qb1 Nc5 15. Nxc5 dxc5 16. Nb3 Bf5 17. Qc1 Na6 18. Nxc5
Nxc5 19. Bxc5 b6 20. Be3 Rac8 21. Qa3 Rc7 22. h3 Rfc8 23. Rc1 Be5 24. g4 Be6
25. Rd1 Bd6 26. Qb2 f6 27. Rxd6 exd6 28. Qxf6 Bf7 29. Bh6 1-0

[Event "Mechanics' Spring TNM; G/2"]
[Site "San Francisco"]
[Date "2015.04.28"]
[Round "7.1"]
[White "Wong, Russell"]
[Black "Winslow, Elliott"]
[Result "1-0"]
[WhiteElo "2215"]
[BlackElo "2306"]
[Annotator "Winslow,Elliott"]
[PlyCount "61"]
[EventDate "2015.??.??"]

1. e4 c5 2. Nf3 e6 3. d4 cxd4 4. Nxd4 a6 5. g3 b5 (5... d5 $1) 6. Bg2 Bb7 7.
O-O d6 $6 (7... Nc6) 8. Qe2 Nd7 9. Rd1 Qc7 10. a4 bxa4 11. Rxa4 Nc5 12. Rc4 a5
$2 13. Nb5 Qb6 14. Rcd4 Ba6 15. N1c3 Rd8 16. Bf4 Nb7 17. Qc4 (17. Nc7+ Qxc7 18.
Qxa6) 17... Bxb5 18. Nxb5 Nf6 $6 (18... Be7) 19. Qa4 Nd7 20. Bxd6 Bxd6 21.
Nxd6+ Nxd6 22. Rxd6 Qc7 23. e5 Ke7 24. Qa3 Nc5 25. Bc6 Qb6 26. Rd7+ Rxd7 27.
Rxd7+ Kf8 28. Rb7 Qxc6 29. Rb8+ Ke7 30. Rxh8 Qd5 $6 31. Rc8 1-0

[Event "Mechanics' Fall TNM; G/2"]
[Site "San Francisco"]
[Date "2015.10.27"]
[Round "2.30"]
[White "Yamamoto, Craig"]
[Black "Boldi, Ethan Vaugh"]
[Result "1-0"]
[WhiteElo "1656"]
[BlackElo "1458"]
[PlyCount "87"]
[EventDate "2015.??.??"]

1. e4 e6 2. d4 d5 3. Nc3 Nf6 4. e5 Nfd7 5. f4 c5 6. Nf3 a6 7. a4 Nc6 8. b3 cxd4
9. Nxd4 Nxd4 10. Qxd4 Bc5 11. Qd2 Bb4 12. Ba3 Qa5 13. Bxb4 Qxb4 14. Bd3 Nc5 15.
Be2 d4 16. Nb1 Qxd2+ 17. Nxd2 Bd7 18. O-O-O d3 19. cxd3 Rc8 20. Kb2 Bc6 21. Nc4
Ke7 22. Nd6 Rc7 23. Rhg1 Bd5 24. Rc1 Rc6 25. Rc3 Bxb3 26. Rxb3 Nxb3 27. Kxb3 f6
28. Bf3 Rb6+ 29. Kc3 fxe5 30. fxe5 Rf8 31. a5 Rxd6 32. exd6+ Kxd6 33. Bxb7 Rf5
34. Ra1 Rc5+ 35. Kd2 Rb5 36. Bxa6 Rb2+ 37. Kc3 Rb8 38. Ra2 Kc7 39. Bc4 Ra8 40.
a6 Ra7 41. Rb2 h6 42. Rb7+ Rxb7 43. axb7 Kxb7 44. Bxe6 1-0

[Event "Mechanics' Summer TNM; G/2"]
[Site "San Francisco"]
[Date "2015.07.14"]
[Round "8.20"]
[White "Yamamoto, Craig"]
[Black "Campers Jr, Willie"]
[Result "0-1"]
[WhiteElo "1518"]
[BlackElo "1806"]
[PlyCount "84"]
[EventDate "2015.??.??"]

1. Nf3 d5 2. d4 e6 3. c4 c6 4. e3 Nf6 5. Nc3 Bd6 6. Bd3 Nbd7 7. O-O O-O 8. Re1
e5 9. dxe5 Nxe5 10. Nxe5 Bxe5 11. Qc2 Bxh2+ 12. Kf1 Bc7 13. cxd5 cxd5 14. Ne2
Bd7 15. Bd2 Rc8 16. Bc3 h6 17. Qb3 Bc6 18. Nd4 Ne4 19. Bxe4 dxe4 20. Nxc6 bxc6
21. Qa4 Qh4 22. Ke2 Qg4+ 23. Kf1 Bb6 24. Be5 Qh5 25. Qxe4 Rfe8 26. f4 f6 27.
Qc4+ Kh8 28. Bd4 Re4 29. Qc2 Qf5 30. Rac1 Bxd4 31. exd4 Rxf4+ 32. Kg1 Qxc2 33.
Rxc2 Rxd4 34. Rec1 Rd6 35. Rc5 Kg8 36. Ra5 Rc7 37. Ra6 Kf7 38. b4 Ke7 39. b5 c5
40. Re1+ Kd7 41. Ra3 Kc8 42. Re8+ Kb7 0-1

[Event "Mechanics' Leighton Allen TNM; G/2"]
[Site "San Francisco"]
[Date "2015.09.01"]
[Round "5.17"]
[White "Yamamoto, Craig"]
[Black "Drane, Robert"]
[Result "0-1"]
[WhiteElo "1535"]
[BlackElo "1909"]
[PlyCount "86"]
[EventDate "2015.??.??"]

1. d4 f5 2. c4 Nf6 3. Nc3 e6 4. Nf3 b6 5. g3 Bb7 6. Bg2 Bb4 7. Bd2 O-O 8. O-O
Bxc3 9. Bxc3 d6 10. e3 Qe8 11. b3 Nbd7 12. Nd2 Ne4 13. Bb2 Ndf6 14. Nxe4 fxe4
15. f3 Qg6 16. fxe4 Ng4 17. Qe2 Bxe4 18. Rf4 Rxf4 19. exf4 Bd3 20. Qf3 Rf8 21.
Rd1 Bf5 22. Rd2 h5 23. h3 Nf6 24. Re2 d5 25. Re3 Be4 26. Qe2 Bxg2 27. Kxg2 Ne4
28. Rf3 Qf5 29. Ba3 Rf7 30. Bc1 a5 31. h4 Rf6 32. Kh2 Rg6 33. Bd2 Qg4 34. Be1
Qf5 35. b4 axb4 36. Bxb4 c5 37. dxc5 bxc5 38. Ba5 d4 39. Bc7 Nf6 40. Rb3 Ne4
41. Rb8+ Kh7 42. Bd8 Nxg3 43. Qd2 Nf1+ 0-1

[Event "Mechanics' Summer TNM; G/2"]
[Site "San Francisco"]
[Date "2015.06.02"]
[Round "2.29"]
[White "Yamamoto, Craig"]
[Black "Everett III, Willard"]
[Result "0-1"]
[WhiteElo "1518"]
[BlackElo "1672"]
[PlyCount "68"]
[EventDate "2015.??.??"]

1. e4 d5 2. exd5 Qxd5 3. Nf3 Nf6 4. Nc3 Qa5 5. d4 Bg4 6. Be2 e6 7. O-O Bd6 8.
h3 Bf5 9. Nh4 Nbd7 10. Nxf5 Qxf5 11. Bd3 Qa5 12. Nb5 a6 13. Nxd6+ cxd6 14. c4
O-O 15. Qf3 Qc7 16. Bf4 e5 17. dxe5 dxe5 18. Bg3 Rfe8 19. Qf5 Qc5 20. Kh1 e4
21. Be2 $4 Qxf5 22. Bd6 Qe6 23. Bb4 e3 24. fxe3 Qxe3 25. Bf3 Qb6 26. Bc3 Ne4
27. Bxe4 Rxe4 28. Rad1 Qc6 29. Rf5 Re2 30. Rfd5 Nf6 31. Rg5 h6 32. Rg3 Rae8 33.
Rxg7+ Kxg7 34. Rf1 Qxg2# 0-1

[Event "Mechanics' Leighton Allen TNM; G/2"]
[Site "San Francisco"]
[Date "2015.09.29"]
[Round "9.23"]
[White "Yamamoto, Craig"]
[Black "Furukawa, Jon"]
[Result "1-0"]
[WhiteElo "1535"]
[BlackElo "1603"]
[Annotator "Donaldson"]
[PlyCount "103"]
[EventDate "2015.??.??"]

1. e4 d6 2. d4 Nf6 3. f3 g6 4. Bc4 Bg7 5. Ne2 O-O 6. O-O Na6 7. c3 c5 8. Be3
cxd4 9. Nxd4 (9. cxd4 d5) 9... d5 $1 10. exd5 Nxd5 11. Bg5 h6 12. Bh4 $2 Ne3
13. Qd3 Nxf1 14. Kxf1 Nc5 (14... g5 15. Bg3 e5 $19) 15. Qe3 Qc7 16. Qxe7 Nd7 (
16... Qxh2) 17. Bd5 Qxh2 18. Bf2 Nb6 19. Bb3 Qe5 (19... Bd7) 20. Qb4 Nd5 21.
Qb5 Ne3+ (21... Rd8) 22. Kg1 Qxb5 23. Nxb5 Nf5 24. Nc7 Bd7 25. Nxa8 Rxa8 26.
Na3 a6 27. Bd5 Bc6 28. Bxc6 bxc6 29. Nc4 Rb8 30. Re1 Kf8 31. Bc5+ Kg8 32. Kf2
h5 33. Re4 Bf8 34. Bxf8 Kxf8 35. Re5 Rb5 36. Rxb5 cxb5 37. Nb6 Nd6 38. Nd5 g5
39. Nb4 a5 40. Nc6 a4 41. b3 axb3 42. axb3 f5 43. Nd4 Kf7 44. Ke3 f4+ 45. Kd3
Kf6 46. c4 bxc4+ 47. bxc4 g4 48. fxg4 hxg4 49. c5 f3 $4 (49... Nb7 $11) 50.
gxf3 gxf3 51. cxd6 f2 52. Ke2 1-0

[Event "Mechanics' Fall TNM; G/2"]
[Site "San Francisco"]
[Date "2015.11.24"]
[Round "6.25"]
[White "Yamamoto, Craig"]
[Black "Kim, Isaiah Taeshi"]
[Result "0-1"]
[WhiteElo "1656"]
[BlackElo "1550"]
[PlyCount "42"]
[EventDate "2015.??.??"]

1. e4 c6 2. d4 d5 3. Nc3 dxe4 4. Nxe4 Bf5 5. Ng3 Bg6 6. Nf3 Nd7 7. h4 h6 8. h5
Bh7 9. Bd3 Bxd3 10. Qxd3 Ngf6 11. c4 e6 12. Bd2 Qc7 13. O-O-O O-O-O 14. Bc3 Bd6
15. Nd2 Bxg3 16. fxg3 Ne5 17. Qe2 Neg4 18. Qe1 c5 19. d5 exd5 20. cxd5 Nxd5 21.
Nc4 Rhe8 0-1

[Event "Mechanics' Fall TNM; G/2"]
[Site "San Francisco"]
[Date "2015.11.17"]
[Round "5.24"]
[White "Yamamoto, Craig"]
[Black "Morgan, Jerry Dugl"]
[Result "0-1"]
[WhiteElo "1656"]
[BlackElo "1588"]
[PlyCount "36"]
[EventDate "2015.??.??"]

1. d4 d5 2. Nf3 Nf6 3. Bg5 Ne4 4. Bf4 Bf5 5. Nh4 Bg6 6. Nxg6 hxg6 7. f3 Nd6 8.
e3 e6 9. Bd3 Nc6 10. b3 Qf6 11. Bg3 O-O-O 12. O-O Nb4 13. Be2 Nf5 14. Bf2 Bd6
15. c3 Bxh2+ 16. Kh1 Ng3+ 17. Bxg3 Bxg3+ 18. Kg1 Qh4 0-1

[Event "Mechanics' Winter TNM; 30/90, SD/30"]
[Site "San Francisco"]
[Date "2015.02.17"]
[Round "7.39"]
[White "Yamamoto, Craig"]
[Black "Sachs-Weintraub, Julian"]
[Result "1/2-1/2"]
[WhiteElo "1584"]
[BlackElo "1141"]
[Annotator "Donaldson"]
[PlyCount "57"]
[EventDate "2015.??.??"]

1. e4 c5 2. Nc3 Nc6 3. Nf3 e5 4. Bc4 Nf6 $2 (4... Be7) 5. d3 (5. Ng5 $1) 5...
h6 6. a4 d6 7. Nd5 a6 8. Bd2 Bg4 9. h3 Bh5 10. Ne3 Nd4 11. g4 Bg6 12. Nh4 Bh7
13. Nf3 Rb8 14. c3 Nxf3+ 15. Qxf3 Be7 16. Nd5 Nxd5 17. Bxd5 O-O 18. c4 Bg5 19.
Qe2 Bxd2+ 20. Qxd2 Bg6 21. b3 b5 22. axb5 axb5 23. f3 Qh4+ 24. Qf2 Qd8 25. h4
h5 26. g5 b4 27. f4 Rc8 28. O-O exf4 29. Qxf4 1/2-1/2

[Event "Mechanics' Summer TNM; G/2"]
[Site "San Francisco"]
[Date "2015.06.16"]
[Round "4.27"]
[White "Yamamoto, Craig"]
[Black "Sherwood, Peter"]
[Result "1-0"]
[WhiteElo "1518"]
[BlackElo "1698"]
[PlyCount "101"]
[EventDate "2015.??.??"]

1. c4 Nf6 2. d4 g6 3. g3 Bg7 4. Bg2 c6 5. Nf3 d5 6. b3 O-O 7. O-O Be6 8. c5 Ne4
9. Qc2 Nd7 10. Bb2 Nexc5 $6 11. dxc5 Bxb2 12. Qxb2 Nxc5 13. Nd4 Bd7 14. Nd2 Qb6
15. e4 Na4 16. Qc2 Qxd4 17. bxa4 e6 18. Rab1 b6 19. a5 b5 20. Nb3 Qf6 21. Nc5
Be8 22. f4 Qd8 23. Qc3 Bd7 24. e5 Bc8 25. Bh3 f5 26. exf6 Qxf6 27. Qxf6 Rxf6
28. Rfe1 Kf7 29. Re5 a6 30. Rbe1 Ra7 31. Nxe6 Bxe6 32. Bxe6+ Kg7 33. Bh3 Rc7
34. Bg2 Kf7 35. Rc1 Rd6 36. Bxd5+ Kf6 37. Bb3 h6 38. Rec5 Ke7 39. Bd5 Kd7 40.
Bb3 Ke7 41. Re1+ Kd8 42. Rce5 Rcd7 43. Re8+ Kc7 44. R8e7 c5 45. Rxd7+ Kxd7 46.
Rd1 c4 47. Rxd6+ Kxd6 48. Bc2 g5 49. f5 b4 50. g4 Ke5 51. Kf2 1-0

[Event "Mechanics' Fall TNM; G/2"]
[Site "San Francisco"]
[Date "2015.12.15"]
[Round "9.22"]
[White "Yamamoto, Craig"]
[Black "Smith, David A"]
[Result "0-1"]
[WhiteElo "1656"]
[BlackElo "1449"]
[PlyCount "68"]
[EventDate "2015.??.??"]

1. e4 c5 2. c4 Nc6 3. d3 g6 4. Bd2 Bg7 5. Bc3 Nf6 6. g3 O-O 7. f4 d6 8. Bh3
Bxh3 9. Nxh3 Qd7 10. Ng5 h6 11. Nf3 Qh3 12. Qe2 Nh5 13. Rg1 Qd7 14. Bxg7 Nxg7
15. Nc3 Ne6 16. O-O-O Ned4 17. Nxd4 Nxd4 18. Qe3 Kg7 19. g4 e6 20. Ne2 Nc6 21.
d4 Qc7 22. f5 Rad8 23. fxg6 fxg6 24. dxc5 dxc5 25. g5 h5 26. h4 e5 27. Nc3
Rxd1+ 28. Rxd1 Nd4 29. Nd5 Qd6 30. Qe1 Qa6 31. Kb1 Qxc4 32. Rc1 Qd3+ 33. Ka1
Nc2+ 34. Rxc2 Qxc2 0-1

[Event "Mechanics' Winter TNM; 30/90, SD/30"]
[Site "San Francisco"]
[Date "2015.02.10"]
[Round "6.46"]
[White "Yamamoto, Craig"]
[Black "Tan, Jacky"]
[Result "1-0"]
[WhiteElo "1584"]
[BlackElo "1216"]
[PlyCount "69"]
[EventDate "2015.??.??"]

1. e4 c5 2. Nc3 d6 3. Nf3 a6 4. d4 cxd4 5. Nxd4 Nf6 6. Be2 e5 7. Nb3 Be7 8. Be3
O-O 9. O-O Be6 10. f3 Qc7 11. Qd2 Nc6 12. a4 Rac8 13. a5 Rfd8 $2 14. Bb6 Qb8
15. Bxd8 Rxd8 16. Nd5 Bf8 17. c4 Ne8 18. g4 Ne7 19. Qb4 Ng6 20. Rfe1 Nf4 21.
Bf1 Nf6 22. Nd2 h5 23. h3 Qa7+ 24. Qb6 Qxb6+ 25. Nxb6 g5 26. Rab1 Kg7 27. Nd5
Kg6 28. b4 Rc8 29. Rec1 Nd7 30. b5 Nc5 31. bxa6 bxa6 32. Rb6 Ra8 33. Rcb1 Rc8
34. Rb8 Bg7 35. Ne7+ 1-0